000
00338nam a2200133Ia 4500
008
151001s9999||||xx |||||||||||||| ||und||
100
_a
विजय अग्रवाल
245
_a
आज के निबंध
250
_a
1
260
_b
किरण प्रकाशन
260
_c
2012
300
_a
355
365
_b
21
999
_c
999208
_d
999205